Frontières de l'Allemagne - Mort subite - Statistiques

Statistiques générales
  • Ce quiz a été pris 1 859 fois
    1 761 depuis la dernière actualisation
  • Le résultat moyen est 6 sur 9
Answers on the Grid
Answers color-coded by a green-red scale on the quiz's grid according to % correct below.
Ukraine
France
Hongrie
Italie
Pays-Bas
Norvège
Autriche
Danemark
Pologne
Slovaquie
Suisse
Liechtenstein
Luxembourg
Slovenie
Suède
Belgique
République Tchèque
Roumanie
 
Statistiques - réponses
Réponse % Correct
France
98%
Pays-Bas
80%
Suisse
74%
Autriche
72%
Pologne
68%
Danemark
67%
Belgique
64%
Luxembourg
64%
République Tchèque
54%
Aucun quiz correspondant
Distribution des résultats
% des personnes avec chaque résultat
Percentile par nombre de réponses
Votre historique - résultats
Vous n’avez pas pris ce quiz depuis la dernière actualisation